• 首页
  • 本馆介绍
  • 公告通知
  • 最新文献
  • 馆藏检索
  • 电子资源
  • 读者导购
  • 参考咨询
  • 我的图书馆
  • 登录
  • 详细信息显示
  • 放入我的书架
  • 预约/预借图书
  • 作者相关作品
  • 分类相关作品
  • 丛书相关作品
  • 出版社相关作品

书目信息

  • 表格格式
  • 工作单格式
  • 卡片格式
题名:
宫殿建筑史话
    
 
作者: 杨鸿勋 著
分册:  
出版信息: 北京   中国大百科全书出版社  2000
页数: 144页
开本: 19cm
丛书名: 中华文明史话
单 册:
中图分类: TU-098.9 , TU-098
科图分类:
主题词: 宫殿--建筑史--中国--古代 , 宫殿 , 建筑史
电子资源:
ISBN: 7-5000-6287-7
000 00842oam2 2200277 450
001 1551977961
005 20150121142703.01
010    @a7-5000-6287-7@dCNY10.00
100    @a20021005d2000 em y0chiy0110 ea
101 0  @achi
102    @aCN@b110000
105    @af z 000yy
200 1  @a宫殿建筑史话@9gong dian jian zhu shi hua@f杨鸿勋[著]
210    @a北京@c中国大百科全书出版社@d2000
215    @a144页@c插图@d19cm
225 2  @a中华文明史话
330    @a本书通俗地讲解了中国宫殿的发生和发展情况,书中不但介绍了宫殿发展的过程,而且列举了历代典型宫殿实例。
461  0 @12001 @a中华文明史话
606 0  @a宫殿@x建筑史@y中国@z古代
606 0  @a宫殿
606 0  @a建筑史
690    @aTU-098.9@v5
690    @aTU-098@v4
701  0 @a杨鸿勋@9yang hong xun@f(1931~)@4著
801  0 @aCN@bTSSF@c20150121
905    @aZUCC@dTU-098@eJY2
    
    宫殿建筑史话/杨鸿勋[著].-北京:中国大百科全书出版社,2000
    144页:插图;19cm.-(中华文明史话)
    
    
    ISBN 7-5000-6287-7:CNY10.00
    本书通俗地讲解了中国宫殿的发生和发展情况,书中不但介绍了宫殿发展的过程,而且列举了历代典型宫殿实例。
●
相关链接 在E读中查询图书 在五车中查询图书 在当当中查询图书 在豆瓣中查询图书


正题名:宫殿建筑史话     索取号:TU-098/JY2         预约/预借

序号 登录号 条形码 馆藏地/架位号 状态 备注
1 7840091   278400918   学院路分馆/ [索取号:TU-098/JY2] 在馆    
2 7840092   278400927   学院路分馆/ [索取号:TU-098/JY2] 在馆    
3 7840093   278400936   学院路分馆/ [索取号:TU-098/JY2] 在馆    
4 7840094   278400945   学院路分馆/ [索取号:TU-098/JY2] 在馆    
唐山师范学院图书馆 欢迎您!
大连网信软件有限公司© 版权所有